[Event "Titled Tue 17th Jun Late"]
[Site "chess.com INT"]
[Date "2025.06.17"]
[Round "5"]
[White "Hernandez Leon, Sergio"]
[Black "Hungaski, Robert"]
[Result "0-1"]
[WhiteTitle "CM"]
[BlackTitle "GM"]
[WhiteElo "2102"]
[BlackElo "2477"]
[WhiteFideId "2285622"]
[BlackFideId "2021030"]
[EventDate "2025.06.17"]

1. Nf3 d5 2. b3 c6 3. Bb2 Nf6 4. e3 g6 5. c4 Bg7 6. cxd5 cxd5 7. Be2 O-O 8. O-O
Nc6 9. d4 Bg4 10. Nc3 Rc8 11. Rc1 e6 12. h3 Bxf3 13. Bxf3 Nd7 14. Qd2 Re8 15.
Na4 Bf8 16. a3 b5 17. Nc5 Nxc5 18. dxc5 Bg7 19. b4 a6 20. Rfd1 Qc7 21. Bxg7 Kxg7
22. Qb2+ Qe5 23. Qxe5+ Nxe5 24. Be2 Nc6 25. f3 f5 26. Kf2 Rb8 27. e4 fxe4 28.
fxe4 d4 29. Bg4 Kf6 30. Ke2 Ke5 31. Kd3 h5 32. Be2 Rf8 33. Rf1 h4 34. Bg4 g5 35.
Be2 Rbd8 36. Bf3 Rf4 37. Rfd1 Kf6 38. Bg4 Ne5+ 39. Kc2 Nxg4 40. hxg4 Ke5 41. Kb2
Rxg4 42. c6 Rxg2+ 43. Kb3 Rg3+ 44. Kb2 Rc8 45. Rc5+ Kxe4 46. Re1+ Re3 47. Rg1
Rg3 48. Re1+ Kf4 49. Rxe6 h3 50. Rf6+ Kg4 51. Rg6 Kf3 52. Rgxg5 Rxg5 53. Rxg5
Rxc6 54. Rf5+ Kg4 55. Rf8 Rh6 56. Rf1 h2 0-1

[Event "Titled Tue 17th Jun Late"]
[Site "chess.com INT"]
[Date "2025.06.17"]
[Round "5"]
[White "Orlov, Georgi"]
[Black "Lazaro Azcutia, Miguel"]
[Result "1-0"]
[WhiteTitle "IM"]
[BlackTitle "CM"]
[WhiteElo "2438"]
[BlackElo "2275"]
[WhiteFideId "2011271"]
[BlackFideId "54538254"]
[EventDate "2025.06.17"]

1. d4 d5 2. Nf3 Nf6 3. c4 e6 4. g3 Bb4+ 5. Bd2 a5 6. a3 Be7 7. Qc2 O-O 8. Bg2
Nbd7 9. O-O c6 10. Ne5 Nxe5 11. dxe5 Nd7 12. f4 b5 13. cxb5 cxb5 14. Be3 Ba6 15.
Nd2 Rc8 16. Qd1 Nc5 17. Bd4 Qd7 18. Rc1 b4 19. axb4 axb4 20. b3 Qb5 21. Re1 Rfd8
22. Ra1 Bb7 23. Qb1 Ne4 24. Nxe4 dxe4 25. e3 Qd5 26. Rd1 Bc5 27. Qb2 Bxd4 28.
Rxd4 Qc5 29. Rad1 Rxd4 30. Qxd4 g6 31. g4 Bd5 32. Qxc5 Rxc5 33. Rd4 Rc1+ 34. Kf2
Rc3 35. Rxb4 Rxb3 36. Rxb3 Bxb3 37. Bxe4 Bc4 38. Kg3 Kg7 39. h4 h6 40. Bc6 Be2
41. e4 Bd1 42. f5 exf5 43. exf5 gxf5 44. gxf5 Bc2 45. Kf4 Bb1 46. f6+ Kf8 47.
Be4 Ba2 48. Kg4 Be6+ 49. Kh5 Bh3 50. Kxh6 Bf1 51. Kg5 Bc4 52. h5 Kg8 53. Bf5 Kh8
54. Kh6 1-0

[Event "Titled Tue 17th Jun Late"]
[Site "chess.com INT"]
[Date "2025.06.17"]
[Round "5"]
[White "Lisenkov, Svyatoslav"]
[Black "Dubnevych, Maksym"]
[Result "0-1"]
[WhiteTitle "CM"]
[BlackTitle "FM"]
[WhiteElo "2283"]
[BlackElo "2296"]
[WhiteFideId "34264183"]
[BlackFideId "14184001"]
[EventDate "2025.06.17"]

1. e4 e5 2. Nf3 Nc6 3. g3 Nf6 4. d3 g6 5. Bg2 Bg7 6. O-O O-O 7. c3 d5 8. Nbd2
dxe4 9. dxe4 Qd3 10. Re1 Rd8 11. Qb3 h6 12. Bf1 Qd7 13. Nc4 Qe7 14. Qc2 Bg4 15.
Bg2 Qe6 16. b3 Rd7 17. Ba3 Rad8 18. Rad1 Rxd1 19. Rxd1 Rxd1+ 20. Qxd1 Nxe4 21.
Qe1 Nd6 22. Ne3 Bh3 23. Bxh3 Qxh3 24. Bxd6 cxd6 25. Qd2 e4 26. Ne1 Qe6 27. c4
Nd4 28. Nd5 Kh7 29. h4 b5 30. Kg2 Qf5 31. Ne3 Qc5 32. b4 Qc6 33. cxb5 Qxb5 34.
N1c2 Nxc2 35. Nxc2 d5 36. h5 gxh5 37. Nd4 Qd7 38. a3 Qg4 39. b5 Qd7 40. a4 Qd6
41. Nf5 Qe5 42. Nxg7 Kxg7 43. a5 d4 44. b6 axb6 45. axb6 e3 46. fxe3 dxe3 47.
Qe2 Qe4+ 48. Kh2 h4 49. gxh4 Qxh4+ 50. Kg2 Qe4+ 51. Kh2 Qe5+ 52. Kg2 Qd5+ 53.
Kh2 Qd6+ 54. Kg2 Qxb6 55. Kf3 Qf6+ 56. Kg3 Qf2+ 0-1

[Event "Titled Tue 17th Jun Late"]
[Site "chess.com INT"]
[Date "2025.06.17"]
[Round "5"]
[White "Gerbelli Neto, Eduardo"]
[Black "Garcia Hernandez, Rebeca"]
[Result "1-0"]
[BlackTitle "WCM"]
[WhiteElo "2114"]
[BlackElo "1904"]
[WhiteFideId "2103281"]
[BlackFideId "5180872"]
[EventDate "2025.06.17"]

1. e4 c5 2. Nc3 d6 3. f4 g6 4. Nf3 Bg7 5. Bb5+ Bd7 6. Bc4 Nc6 7. O-O e6 8. f5
exf5 9. d3 h6 10. Qe1 Nge7 11. Qg3 Ne5 12. Bf4 N7c6 13. exf5 Bxf5 14. Rae1 O-O
15. Nxe5 Nxe5 16. Bxe5 dxe5 17. Nd5 Kh7 18. Qf3 Be6 19. c3 b5 20. Bb3 a5 21. c4
a4 22. Bc2 b4 23. h3 Bxd5 24. cxd5 Qd7 25. b3 axb3 26. Bxb3 Kg8 27. Qg3 Qd6 28.
Rc1 Rac8 29. Rf3 Rc7 30. Rcf1 Re7 31. Qf2 Rd7 32. Rc1 Rc7 33. Rg3 Rfc8 34. Qf3
Kh7 35. Rf1 Rd7 36. h4 h5 37. Rg5 Kg8 38. Qg3 Bf6 39. Rxh5 Kg7 40. Rhf5 Bd8 41.
R5f2 Kg8 42. h5 Kg7 43. hxg6 Qxg6 44. Qxg6+ fxg6 45. Rf3 Bc7 46. Re3 Bd6 47. Re4
Re8 48. Rg4 Ree7 49. Bd1 Rf7 50. Bf3 Rf6 51. Be4 Rdf7 52. Rxf6 Rxf6 53. Rh4 Rf4
54. Rh3 g5 55. Re3 g4 56. g3 Kf6 57. gxf4 exf4 58. Re1 Ke5 59. Kf2 1-0

[Event "Titled Tue 17th Jun Late"]
[Site "chess.com INT"]
[Date "2025.06.17"]
[Round "5"]
[White "Nurgaliyeva, Zarina"]
[Black "Alvarado, Carlos"]
[Result "1-0"]
[WhiteTitle "WFM"]
[BlackTitle "CM"]
[WhiteElo "2252"]
[BlackElo "2032"]
[WhiteFideId "13730096"]
[BlackFideId "3800555"]
[EventDate "2025.06.17"]

1. e4 c6 2. d4 d5 3. e5 Bf5 4. Nd2 e6 5. Nb3 Nd7 6. Nf3 h6 7. Be2 Ne7 8. O-O g5
9. a4 Bg4 10. a5 Ng6 11. Ne1 Bxe2 12. Qxe2 a6 13. Nd3 Nh4 14. f4 Nf5 15. Qh5
gxf4 16. Nxf4 Qg5 17. Qf3 Qg8 18. Kh1 O-O-O 19. Be3 f6 20. exf6 Nxf6 21. Nxe6
Qxe6 22. Qxf5 Qxf5 23. Rxf5 Ne4 24. Nd2 Nd6 25. Rf3 Bg7 26. c3 Rde8 27. Raf1 h5
28. h3 Bh6 29. Bxh6 Rxh6 30. R1f2 Rhe6 31. Kh2 Re2 32. Nf1 Nc4 33. b3 Nxa5 34.
b4 Nc4 35. Rxe2 Rxe2 36. Ng3 Rc2 37. Nxh5 Nd6 38. Nf6 b6 39. h4 a5 40. bxa5 bxa5
41. h5 Nf7 42. Nxd5 Ng5 43. Rf8+ Kd7 44. Rf5 Ne4 45. Nf6+ Nxf6 46. Rxf6 Rxc3 47.
h6 Rb3 48. Rf8 Rb5 49. g4 Rb2+ 50. Kg3 Rb3+ 51. Kh4 Rb1 52. Kg5 a4 53. h7 Rh1
54. h8=Q Rxh8 55. Rxh8 Kc7 56. Ra8 Kb7 57. Rxa4 c5 58. dxc5 1-0

[Event "Titled Tue 17th Jun Late"]
[Site "chess.com INT"]
[Date "2025.06.17"]
[Round "5"]
[White "Barp, Alberto"]
[Black "Sadykov, Ramil"]
[Result "1-0"]
[WhiteTitle "IM"]
[BlackTitle "FM"]
[WhiteElo "2414"]
[BlackElo "2264"]
[WhiteFideId "872555"]
[BlackFideId "24113590"]
[EventDate "2025.06.17"]

1. c4 Nf6 2. Nf3 e6 3. g3 d5 4. Bg2 d4 5. O-O c5 6. e3 Nc6 7. exd4 cxd4 8. d3 h6
9. a3 a5 10. Bf4 Nh5 11. Bc1 Nf6 12. Bf4 Be7 13. Ne5 Nxe5 14. Bxe5 O-O 15. Nd2
a4 16. b4 axb3 17. Qxb3 Ng4 18. Nf3 Nxe5 19. Nxe5 Qc7 20. Nf3 Rd8 21. Nd2 Ra5
22. Rfb1 Ra7 23. Qb6 Qxb6 24. Rxb6 Bc5 25. Rb3 f5 26. Nf3 Kf7 27. Ne5+ Kf6 28.
f4 Bd6 29. Nf3 g5 30. fxg5+ hxg5 31. g4 Bc5 32. gxf5 exf5 33. Nd2 b6 34. Rbb1
Be6 35. Nb3 Bf8 36. Nd2 Bc5 37. Nb3 Rxa3 38. Nxc5 Rxa1 39. Rxa1 bxc5 40. Ra5 Rc8
41. Ra6 Ke5 42. Ra5 Kf4 43. Kf2 Bf7 44. Ra7 Bh5 45. Rh7 Bg4 46. h3 Bd1 47. Rf7
Re8 48. Be4 Re5 49. Rf8 Bh5 50. Rf6 g4 51. hxg4 Bxg4 52. Rf8 Kg5 53. Rg8+ Kf6
54. Bd5 Re2+ 55. Kg3 1-0

[Event "Titled Tue 17th Jun Late"]
[Site "chess.com INT"]
[Date "2025.06.17"]
[Round "5"]
[White "Brady, Tyson"]
[Black "Menahem, Adi"]
[Result "1-0"]
[WhiteTitle "CM"]
[BlackTitle "CM"]
[WhiteElo "2170"]
[BlackElo "2272"]
[WhiteFideId "30970369"]
[BlackFideId "2847027"]
[EventDate "2025.06.17"]

1. Nf3 Nf6 2. g3 b6 3. Bg2 Bb7 4. O-O g6 5. d3 Bg7 6. e4 d6 7. Nbd2 Nbd7 8. Re1
O-O 9. a4 a5 10. Nc4 e5 11. c3 h6 12. Bd2 Kh7 13. Qc2 c5 14. d4 cxd4 15. Nxd6 d3
16. Nxb7 dxc2 17. Nxd8 Rfxd8 18. Rac1 Nc5 19. Rxc2 Nfxe4 20. Be3 Rac8 21. Bxc5
Nxc5 22. Nxe5 Bxe5 23. Rxe5 Rd1+ 24. Bf1 Nxa4 25. Kg2 Nc5 26. Bc4 Rc7 27. Rce2
Kg7 28. Re7 Rdd7 29. Rxd7 Rxd7 30. h4 a4 31. Kf3 Kf6 32. Ke3 Rd1 33. Rd2 Re1+
34. Kf3 Rb1 35. Rd6+ Ke7 36. Rxb6 a3 37. b4 Nd7 38. Rb5 Rc1 39. Kg2 Rxc3 40. Bd5
Rd3 41. Ra5 Nb6 42. Ba2 f5 43. Ra6 Nd7 44. b5 Rd6 45. Rxa3 Rb6 46. Bc4 Ne5 47.
Be2 Kd6 48. Ra6 Rxa6 49. bxa6 Kc7 50. f4 Nc6 51. Kf3 Kd6 52. Ke3 Na7 53. Bf3 h5
54. Kd4 Nc8 55. Bd5 Na7 56. Bf7 Nc6+ 57. Kc4 Kc7 58. Bxg6 Ne7 59. Bxh5 Ng8 60.
Bg6 Ne7 61. h5 Ng8 62. Kd5 Nf6+ 63. Ke6 Ne4 64. h6 Nxg3 65. h7 1-0

[Event "Titled Tue 17th Jun Late"]
[Site "chess.com INT"]
[Date "2025.06.17"]
[Round "5"]
[White "Harish, Neeraj"]
[Black "Demaria, Juan Pablo"]
[Result "0-1"]
[WhiteTitle "CM"]
[BlackTitle "FM"]
[WhiteElo "2192"]
[BlackElo "2215"]
[WhiteFideId "30958130"]
[BlackFideId "104922"]
[EventDate "2025.06.17"]

1. c4 g6 2. g3 Bg7 3. Bg2 c5 4. Nf3 Nc6 5. Nc3 Nh6 6. O-O Nf5 7. e3 O-O 8. Rb1
a5 9. Nb5 e5 10. d3 d6 11. Bd2 Be6 12. e4 Nfe7 13. Ne1 f5 14. Nc2 f4 15. Qe2 g5
16. f3 Qd7 17. Rf2 h5 18. Nc3 Rf7 19. Nd5 Raf8 20. Rbf1 Bh6 21. gxf4 gxf4 22.
Kh1 Rg7 23. Rg1 Kh7 24. h4 Ng6 25. Bf1 Qd8 26. Rh2 Rfg8 27. Be1 b6 28. Bh3 Bxh3
29. Rxh3 Rf7 30. Rh2 Bf8 31. Qf1 Rfg7 32. Qh3 Be7 33. Rhg2 Qc8 34. Qxc8 Rxc8 35.
Nxe7 Ncxe7 36. Rg5 Kh6 37. Na3 Rcg8 38. Nb5 Nf8 39. Rxg7 Rxg7 40. Rxg7 Kxg7 41.
Nxd6 Nd7 42. Nb5 Kf6 43. Nc3 Ke6 44. Nd5 Nxd5 45. cxd5+ Kd6 46. a4 Nf8 47. Bc3
Ng6 48. Be1 Ne7 49. Kg2 Ng6 50. Kh3 Kc7 51. Bc3 Kd6 52. b3 Ne7 53. Bb2 Ng8 54.
Ba1 Nf6 55. Kg2 Ne8 56. Bc3 Nc7 57. Kf2 Na6 58. Ke2 Nb8 59. Kd2 Nd7 60. Bb2 Nf8 0-1

[Event "Titled Tue 17th Jun Late"]
[Site "chess.com INT"]
[Date "2025.06.17"]
[Round "5"]
[White "Toktomushev, Teimur"]
[Black "Moussard, Jules"]
[Result "0-1"]
[WhiteTitle "FM"]
[BlackTitle "GM"]
[WhiteElo "2390"]
[BlackElo "2597"]
[WhiteFideId "14176726"]
[BlackFideId "642908"]
[EventDate "2025.06.17"]

1. d4 Nf6 2. c4 e6 3. Nf3 b6 4. g3 Ba6 5. Qc2 c5 6. d5 exd5 7. cxd5 Bb7 8. Bg2
Nxd5 9. O-O Be7 10. Rd1 Nc6 11. Qa4 Nf6 12. e4 O-O 13. e5 Ne8 14. Nc3 Nc7 15. h4
Ne6 16. h5 Re8 17. h6 g6 18. Qg4 Qc8 19. Be3 Nb4 20. Rd2 Bc6 21. a3 Na6 22. Rad1
Qb7 23. Nd5 Nac7 24. Ng5 Nxd5 25. Bxd5 Bxd5 26. Rxd5 Rad8 27. Ne4 Nd4 28. Nc3
Nf5 29. Bg5 Nd4 30. Be3 f5 31. exf6 Bxf6 32. Bxd4 cxd4 33. R5xd4 d6 34. Nd5 Be5
35. Re4 Qf7 36. Qe2 Rf8 37. f4 Bf6 38. Nxf6+ Qxf6 39. Re7 Rf7 40. Re1 Rdf8 41.
Rxf7 Rxf7 42. Qe8+ Rf8 43. Qe7 Qxb2 44. Re5 Qb1+ 45. Kh2 Qb2+ 46. Kh3 Rf7 47.
Qd8+ Rf8 48. Qe7 Rf7 49. Qd8+ Rf8 50. Qxd6 Qa1 51. Qe6+ Kh8 52. Qd5 Qf1+ 53. Kh2
Qf2+ 54. Kh3 Qf1+ 55. Kg4 Qb1 56. Qd7 Rg8 57. Re8 Qf5+ 0-1

[Event "Titled Tue 17th Jun Late"]
[Site "chess.com INT"]
[Date "2025.06.17"]
[Round "5"]
[White "Aliyev, Elnur"]
[Black "Bulgurlu, Okan"]
[Result "0-1"]
[WhiteTitle "CM"]
[BlackTitle "CM"]
[WhiteElo "2123"]
[BlackElo "1964"]
[WhiteFideId "13402617"]
[BlackFideId "6352316"]
[EventDate "2025.06.17"]

1. d4 d5 2. e3 Nc6 3. Bb5 Nf6 4. Ne2 a6 5. Bxc6+ bxc6 6. b3 Bf5 7. Ba3 g6 8. Nf4
Bg7 9. O-O O-O 10. Nc3 Nd7 11. Na4 Re8 12. g4 e5 13. Nd3 Qg5 14. f4 exf4 15.
exf4 Bxd4+ 16. Nf2 Qxg4+ 17. Qxg4 Bxg4 18. Bb2 Be3 19. Kg2 Bf5 20. Nd3 Be4+ 21.
Kg3 f5 22. Ne5 Nxe5 23. Bxe5 Re7 24. Rfe1 Ba7 25. c4 Rae8 26. c5 g5 27. Rac1
gxf4+ 28. Bxf4 Rg7+ 29. Kh3 Rg4 30. Bg3 h5 31. Rf1 Kh7 32. Rf4 Kg6 33. Rcf1 Rg8
34. b4 Kf6 35. Nc3 a5 36. Bh4+ Ke5 37. a3 axb4 38. Bg3 Kd4 39. Ne2+ Ke3 40. Nc1
bxa3 41. Re1+ Kd2 42. Nb3+ Kc3 43. Re3+ Kb4 44. Nd4 Bxc5 45. Nxc6+ Kb5 46. Na7+
Ka6 47. Rb3 Kxa7 48. Rf2 Bxf2 49. Bxf2+ Ka8 50. Rxa3+ Kb7 51. Rb3+ Kc8 52. Bg3
f4 53. Rc3 fxg3 54. hxg3 Rxg3+ 55. Kh4 Rxc3 56. Kxh5 Rh3# 0-1

[Event "Titled Tue 17th Jun Late"]
[Site "chess.com INT"]
[Date "2025.06.17"]
[Round "5"]
[White "Salem, A.R. Saleh"]
[Black "Shukhman, Anna"]
[Result "1-0"]
[WhiteTitle "GM"]
[BlackTitle "WGM"]
[WhiteElo "2627"]
[BlackElo "2413"]
[WhiteFideId "9301348"]
[BlackFideId "54180058"]
[EventDate "2025.06.17"]

1. d4 d5 2. c4 e5 3. dxe5 Ne7 4. e3 Nbc6 5. Nf3 Be6 6. Ng5 Nxe5 7. Nxe6 fxe6 8.
cxd5 Qxd5 9. Nc3 Qxd1+ 10. Kxd1 O-O-O+ 11. Kc2 Nf5 12. Be2 Bc5 13. Ne4 Bb6 14.
Bd2 Rhf8 15. Bc3 Nd6 16. Nxd6+ cxd6 17. Rhf1 Kb8 18. Rad1 Nc6 19. Bg4 e5 20. Bf3
Rf6 21. Rd2 d5 22. Rxd5 Re8 23. Be2 Ref8 24. Bf3 Re8 25. Rd2 Rf7 26. Bxc6 bxc6
27. e4 Bc7 28. f3 g5 29. h3 h5 30. Rfd1 g4 31. fxg4 hxg4 32. hxg4 Rf4 33. Re2
Rxg4 34. Rh1 Reg8 35. Rh2 Kb7 36. Kd2 R8g7 37. Ke1 a6 38. Kf1 Rf4+ 39. Ke1 Rfg4
40. a3 Bb8 41. Rh8 Bc7 42. Re8 Rxg2 43. Rxg2 Rxg2 44. Re7 Kb6 45. Kd1 Rg4 46.
Bxe5 Bxe5 47. Rxe5 Rg2 48. Kc1 c5 49. Kb1 Kc6 50. Kc1 Re2 51. Re6+ Kb5 52. e5 c4
53. Re8 Kc6 54. e6 Kd6 55. Ra8 Kxe6 56. Re8+ 1-0

[Event "Titled Tue 17th Jun Late"]
[Site "chess.com INT"]
[Date "2025.06.17"]
[Round "5"]
[White "Shuvalova, Polina"]
[Black "Steinberg, Nitzan"]
[Result "1-0"]
[WhiteTitle "IM"]
[BlackTitle "GM"]
[WhiteElo "2480"]
[BlackElo "2554"]
[WhiteFideId "24171760"]
[BlackFideId "2801795"]
[EventDate "2025.06.17"]

1. e4 e5 2. Nf3 Nc6 3. Nc3 Nf6 4. Bb5 Nd4 5. O-O c6 6. Bd3 Nxf3+ 7. Qxf3 d6 8.
Be2 Be7 9. Qg3 g6 10. d3 h5 11. h3 h4 12. Qe3 Be6 13. d4 exd4 14. Qxd4 Qb6 15.
Be3 Qxd4 16. Bxd4 b5 17. Rad1 b4 18. Na4 O-O 19. Bxf6 Bxf6 20. Rxd6 a5 21. b3
Rac8 22. Bg4 Rfe8 23. Bxe6 fxe6 24. Rfd1 Rc7 25. Nc5 Be7 26. Rxe6 Kf7 27. Re5
Bxc5 28. Rxc5 Rxe4 29. Rxa5 c5 30. Rd5 Re1+ 31. Kh2 c4 32. Rac5 Rxc5 33. Rxc5 c3
34. Rc4 Re2 35. Rxh4 Rxc2 36. Rxb4 Rxa2 37. Rc4 c2 38. b4 Ke6 39. Rc5 Kd6 40. f3
Rb2 41. Kg3 g5 42. h4 gxh4+ 43. Kh3 Ra2 44. Kxh4 c1=Q 45. Rxc1 Rxg2 46. Rb1 Ke5
47. b5 Kf4 48. Rb4+ Kxf3 49. b6 Rg8 50. b7 Rb8 51. Kg5 Ke3 52. Kf5 Kd3 53. Ke5
Kc3 54. Rb6 Kc4 55. Kd6 1-0

[Event "Titled Tue 17th Jun Late"]
[Site "chess.com INT"]
[Date "2025.06.17"]
[Round "5"]
[White "Kukushkin, Ivan"]
[Black "Mecit, Emre"]
[Result "0-1"]
[WhiteTitle "CM"]
[WhiteElo "2008"]
[BlackElo "2007"]
[WhiteFideId "11634103"]
[BlackFideId "6304214"]
[EventDate "2025.06.17"]

1. e4 c5 2. Nf3 d6 3. d4 cxd4 4. Nxd4 Nf6 5. f3 g6 6. c4 Bg7 7. Nc3 O-O 8. Be3
Nc6 9. Qd2 Bd7 10. Be2 a6 11. O-O Rb8 12. Rad1 Nxd4 13. Bxd4 b5 14. b3 bxc4 15.
Bxc4 Bb5 16. Qe2 Bxc4 17. Qxc4 Qc8 18. Qd3 e6 19. Na4 Rd8 20. Rc1 Qb7 21. Bb6
Rd7 22. Rc2 d5 23. e5 Ne8 24. f4 f6 25. Bd4 Qb5 26. Qe3 fxe5 27. fxe5 Rbb7 28.
Nc5 Rf7 29. Re1 Rbe7 30. a4 Qb4 31. Qc3 Qxc3 32. Rxc3 a5 33. g3 Rf5 34. Nd3 Rb7
35. Rec1 Bf8 36. Rb1 Ng7 37. Rc8 Rff7 38. g4 h5 39. h3 Kh7 40. Kg2 Rbc7 41. Rxc7
Rxc7 42. b4 Rc2+ 43. Kf3 axb4 44. Nxb4 Rc4 45. Nd3 Rxd4 46. Nf4 Re4 47. gxh5
Nxh5 48. Nxe6 Bg7 49. Rb7 Rxe5 50. Nf8+ Kh6 51. Nd7 Rf5+ 52. Ke2 Rf7 53. Kd3 d4
54. a5 Nf4+ 55. Ke4 d3 56. a6 d2 57. Rb1 Bc3 58. Rd1 Rxd7 59. Kxf4 Ra7 60. Ke4
Rxa6 61. Kd3 Ba5 62. Ra1 Rd6+ 63. Kc2 Bb4 64. Kd1 Re6 65. Kc2 Re1 0-1

[Event "Titled Tue 17th Jun Late"]
[Site "chess.com INT"]
[Date "2025.06.17"]
[Round "5"]
[White "Haydon, David L"]
[Black "Bryakin, Mikhail"]
[Result "0-1"]
[WhiteTitle "FM"]
[BlackTitle "GM"]
[WhiteElo "2284"]
[BlackElo "2462"]
[WhiteFideId "415405"]
[BlackFideId "4165314"]
[EventDate "2025.06.17"]

1. Nf3 Nf6 2. e3 b6 3. b3 Bb7 4. Bb2 g6 5. Be2 Bg7 6. O-O O-O 7. c4 d5 8. cxd5
Bxd5 9. Qc2 c5 10. d4 cxd4 11. Nxd4 Qc8 12. Nc3 Bb7 13. Rac1 Nc6 14. Ncb5 Nxd4
15. Bxd4 Qxc2 16. Rxc2 Nd5 17. Rfc1 Bxd4 18. Nxd4 e6 19. a3 Rac8 20. Bf3 Rxc2
21. Rxc2 Kg7 22. Nb5 Ba6 23. Nc7 Nxc7 24. Rxc7 Rc8 25. Rxc8 Bxc8 26. Kf1 Kf6 27.
Ke2 Ba6+ 28. Kd2 g5 29. Be4 h5 30. f4 h4 31. g3 Bf1 32. Kc3 e5 33. b4 Bb5 34.
Kd2 Bc4 35. Ke1 Be6 36. Kf2 h3 37. Bf3 Kg6 38. Ke2 gxf4 39. exf4 exf4 40. gxf4
Kf5 41. Ke3 Bc4 42. Be4+ Kg4 43. Bf3+ Kf5 44. Bd1 Bd5 45. Bc2+ Kg4 46. Bd1+ Kf5
47. Bf3 Bxf3 48. Kxf3 b5 49. Kg3 Ke4 50. Kxh3 Kxf4 51. Kg2 Ke3 52. h4 Kf4 53.
Kh3 a6 54. h5 Kg5 55. a4 Kxh5 56. axb5 axb5 57. Kg3 Kg5 58. Kf3 Kf5 59. Ke3 Ke5
60. Kd3 Kd5 61. Ke3 Kc4 62. Ke4 Kxb4 0-1

[Event "Titled Tue 17th Jun Late"]
[Site "chess.com INT"]
[Date "2025.06.17"]
[Round "5"]
[White "Mai, Alexander Oliver"]
[Black "Wanyama, Harold"]
[Result "0-1"]
[WhiteTitle "CM"]
[BlackTitle "FM"]
[WhiteElo "2171"]
[BlackElo "2143"]
[WhiteFideId "2313391"]
[BlackFideId "10000380"]
[EventDate "2025.06.17"]

1. e4 c5 2. Nf3 e6 3. d4 cxd4 4. Nxd4 Nc6 5. Nc3 Qc7 6. f4 a6 7. Nxc6 bxc6 8.
Bd3 d6 9. Qe2 Nf6 10. Bd2 d5 11. O-O-O Be7 12. g4 Rb8 13. g5 Nd7 14. Rhf1 Nc5
15. f5 d4 16. Nb1 e5 17. f6 gxf6 18. gxf6 Bf8 19. Bc4 Be6 20. Bxe6 fxe6 21. f7+
Kd7 22. Bg5 Bd6 23. Nd2 Rxb2 24. Kxb2 Na4+ 25. Ka1 Bb4 26. Nb1 Qa5 27. Qc4 Rb8
28. Bd2 Bxd2 29. Rxd2 Nb6 30. Qd3 Rf8 31. Rg2 c5 32. Rg8 c4 33. Rxf8 cxd3 34.
Rd8+ Kxd8 35. f8=Q+ Kc7 36. Rf7+ Nd7 37. Qe7 Qb5 38. Qxd7+ Qxd7 39. Rxd7+ Kxd7
40. cxd3 Ke7 41. Kb2 Kf6 42. Kc2 Kg5 43. Kd2 Kh4 44. Ke2 Kh3 45. Nd2 Kxh2 46.
Nc4 h5 47. Nxe5 Kg3 48. Kf1 h4 49. Nc6 Kf4 50. Nxd4 e5 51. Ne2+ Ke3 52. Ng1 Kxd3
53. Nf3 h3 54. Kf2 Kxe4 55. Nh2 a5 56. Ke2 a4 57. a3 Kd4 58. Nf3+ Kc3 59. Kf2 e4
60. Nh2 Kb3 61. Ke3 Kxa3 62. Kxe4 Kb2 63. Kd3 a3 64. Nf3 a2 0-1

[Event "Titled Tue 17th Jun Late"]
[Site "chess.com INT"]
[Date "2025.06.17"]
[Round "5"]
[White "Tang, Andrew"]
[Black "Rustemov, Alexander"]
[Result "0-1"]
[WhiteTitle "GM"]
[BlackTitle "GM"]
[WhiteElo "2529"]
[BlackElo "2525"]
[WhiteFideId "2059630"]
[BlackFideId "4119002"]
[EventDate "2025.06.17"]

1. d4 e6 2. Bf4 c5 3. e3 Nf6 4. Nf3 d5 5. Be2 Bd6 6. dxc5 Bxf4 7. exf4 Qc7 8. g3
Qxc5 9. Nbd2 O-O 10. O-O b6 11. c3 Ba6 12. Nb3 Qc7 13. a4 Bxe2 14. Qxe2 Nc6 15.
Rfe1 Ne4 16. Nbd4 Nxd4 17. Nxd4 g6 18. Kg2 Rfe8 19. h4 h5 20. f3 Nd6 21. Qe5
Rac8 22. Re2 Nc4 23. Qg5 Qe7 24. Qh6 Qf8 25. Qxf8+ Kxf8 26. Rae1 Nd6 27. Kh3 Kg7
28. Kg2 a6 29. Ra1 Rc7 30. a5 b5 31. Nc2 Ra8 32. Nb4 Nf5 33. Kf2 Ne7 34. Rd2 Nc6
35. Nc2 Rb8 36. Nd4 b4 37. Ne2 bxc3 38. bxc3 Rb5 39. Rda2 Rcb7 40. g4 hxg4 41.
fxg4 Rc5 42. Ra3 Rbb5 43. Rh1 Rxa5 44. Rxa5 Rxa5 45. h5 gxh5 46. Rxh5 Ra2 47.
Ke3 a5 48. f5 a4 49. Nf4 Nd8 50. g5 exf5 51. Nxd5 Ne6 52. Ne7 f4+ 53. Kd3 f3 54.
Rh6 f2 55. Nf5+ Kg8 56. Rh1 Nxg5 57. Ne3 Nf3 58. Rf1 Nh2 59. Rh1 f1=Q+ 60. Nxf1
Nxf1 61. Rxf1 a3 62. Ra1 Rxa1 0-1

[Event "Titled Tue 17th Jun Late"]
[Site "chess.com INT"]
[Date "2025.06.17"]
[Round "5"]
[White "Chen, Yidong"]
[Black "Ferraz, Michel Liah"]
[Result "1-0"]
[WhiteElo "2074"]
[BlackElo "2007"]
[WhiteFideId "8607028"]
[BlackFideId "22743219"]
[EventDate "2025.06.17"]

1. e4 c5 2. Nf3 Nc6 3. Bb5 e6 4. Bxc6 bxc6 5. d3 Ne7 6. e5 d5 7. exd6 Qxd6 8.
Nbd2 Ng6 9. Nc4 Qc7 10. Qe2 Be7 11. g3 O-O 12. h4 Bf6 13. h5 Ne7 14. Bf4 Qd8 15.
Be5 Nd5 16. O-O Ba6 17. b3 Re8 18. Rfe1 Bxc4 19. dxc4 Bxe5 20. Nxe5 Nf6 21. Nxc6
Qc7 22. Ne5 h6 23. Qf3 Rad8 24. Rad1 Rxd1 25. Qxd1 Rd8 26. Qe2 Rd4 27. Nf3 Re4
28. Qd1 Rxe1+ 29. Nxe1 Qe5 30. Nd3 Qf5 31. Qe2 Nxh5 32. Qe5 Qg4 33. Kg2 Nf6 34.
Qxc5 Qe4+ 35. Kg1 Qe2 36. Qe3 Qxc2 37. Nb4 Qd1+ 38. Kg2 Ng4 39. Qf3 Qd6 40. Qxg4
Qxb4 41. Qe4 Qa5 42. Qc2 Qc5 43. Qc3 e5 44. b4 Qc6+ 45. Kg1 e4 46. c5 Qd5 47.
Qc2 f5 48. c6 f4 49. c7 fxg3 50. c8=Q+ Kh7 51. fxg3 Qd4+ 52. Kg2 Qe3 53. Q8c4
Qf3+ 54. Kg1 Qxg3+ 55. Kf1 Qf3+ 56. Ke1 Qh1+ 57. Kd2 Qg2+ 58. Kc1 Qf1+ 59. Kb2
Qf2 60. Qxf2 1-0

[Event "Titled Tue 17th Jun Late"]
[Site "chess.com INT"]
[Date "2025.06.17"]
[Round "5"]
[White "Winkels, Marcel"]
[Black "Sitnic, Adnan"]
[Result "1-0"]
[WhiteTitle "CM"]
[BlackTitle "CM"]
[WhiteElo "1905"]
[BlackElo "2058"]
[WhiteFideId "1003887"]
[BlackFideId "14403854"]
[EventDate "2025.06.17"]

1. e4 Nc6 2. Nc3 d6 3. d4 Nf6 4. Nf3 Bg4 5. Be2 e5 6. Be3 Be7 7. d5 Nb8 8. Bb5+
Bd7 9. Bxd7+ Nbxd7 10. Qd2 h6 11. h3 g5 12. O-O-O Nh5 13. g3 Rf8 14. Ne1 Ng7 15.
g4 h5 16. Nd3 h4 17. Kb1 f6 18. Nc1 c5 19. dxc6 bxc6 20. Nb3 Ne6 21. Qd3 a5 22.
Qc4 Kf7 23. Qxc6 a4 24. Nxa4 Qc8 25. Qxc8 Rfxc8 26. Nc3 Ndc5 27. Nxc5 dxc5 28.
Nd5 Bd8 29. c3 Ra6 30. Rd2 Rca8 31. a3 Rb8 32. Kc2 Ra7 33. Rhd1 Rab7 34. b4 cxb4
35. axb4 Rc8 36. Kb3 Nc5+ 37. Bxc5 Rxc5 38. Ne3 Be7 39. Rd7 Rcc7 40. Rxc7 Rxc7
41. Nf5 Bf8 42. c4 Ke6 43. c5 Rb7 44. Kc4 Kf7 45. b5 Rc7 46. c6 Ke6 47. Rd5 Rc8
48. Ne3 Rc7 49. Nc2 Rc8 50. Nb4 Rc7 51. Na6 Rc8 52. c7 Bd6 53. b6 Ra8 54. b7
Rxa6 55. b8=Q Rc6+ 56. Kd3 Rxc7 57. Qe8+ Re7 58. Qc8+ Rd7 59. Qc6 Ke7 60. Ke2
Ke6 61. Rd3 Ke7 62. Rb3 Ke6 63. Rb7 Rxb7 64. Qxb7 Be7 65. Qd5# 1-0